| 000 | 00418nam a2200181Ia 4500 | ||
|---|---|---|---|
| 003 | 0100 | ||
| 008 | 130303s9999 xx 000 0 und d | ||
| 040 | _cARRUPELIB | ||
| 050 | _aBS255.R421952 | ||
| 100 | _aRieu, E.V | ||
| 245 | 4 | _aThe Four Gospels | |
| 260 | _aMiddlesex | ||
| 260 | _bPenguin Books | ||
| 260 | _C1952 | ||
| 300 | _a244p | ||
| 700 | _aA New Translation from the Greek by E.V. Rieu | ||
| 942 | 0 | 0 | _01 |
| 999 |
_c54758 _d54758 |
||